| 000 | 00435nam a22001337a 4500 | ||
|---|---|---|---|
| 008 | 220718b |||||||| |||| 00| 0 eng d | ||
| 020 | _a1433536762 | ||
| 050 |
_aBS2330.3 _b.B53 2016 |
||
| 245 |
_aA Biblical-Theological Introduction to the New Testament: _bthe gospel realized/ _cEdited by Michael J. Kruger |
||
| 260 |
_aIllinois _bCrossway _c2016 |
||
| 300 | _a655p. | ||
| 650 |
_aBible, new testament _vIntroductions |
||
| 942 |
_2lcc _cBK |
||
| 999 |
_c19396 _d19395 |
||